|
|
|
|
| LEADER |
00000cam a2200000 7i4500 |
| 001 |
0000004086 |
| 005 |
20220105103957.0 |
| 008 |
070724 |
| 020 |
|
|
|a 9839447483(set)
|
| 020 |
|
|
|a 9839447505
|
| 090 |
0 |
0 |
|a JP
|b MOR MAL (4184)
|
| 100 |
0 |
|
|a Masniza Abdul Hamid
|
| 245 |
0 |
0 |
|a Akibat menyakiti hati ibu
|c Masniza Abdul Hamid
|
| 260 |
|
|
|a Petaling Jaya :
|b Syarikat Damai Bersama ,
|c 2006
|
| 440 |
|
|
|a Koleksi bimbingan akhlak mulia
|
| 500 |
|
|
|a Children age 4-6 years old (yellow)
|
| 650 |
|
0 |
|a Junior preschool
|x Malay
|x Languages
|
| 650 |
|
0 |
|a Moral
|
| 999 |
|
|
|a 0000975233
|b Book
|c Children Collection
|e Perbadanan Perpustakaan Awam Johor
|
| 999 |
|
|
|a 0000975234
|b Book
|c Children Collection
|e Cawangan Segamat
|
| 999 |
|
|
|a 0000975235
|b Book
|c Children Collection
|e Perbadanan Perpustakaan Awam Johor
|
| 999 |
|
|
|a 0000975237
|b Book
|c Children Collection
|e Perbadanan Perpustakaan Awam Johor
|
| 999 |
|
|
|a 0000981222
|b Book
|c Children Collection
|e Cawangan Tangkak
|
| 999 |
|
|
|a 0000981224
|b Book
|c Children Collection
|e Cawangan Tangkak
|